000 00449nam a2200169 a 4500
005 20251203064013.0
008 170504s2015 mx r 000 0 spa d
035 _aUPN01000217501
049 _aF
050 4 _aZ1037
_bA4.3
245 2 0 _aA leer :
_bIBBY México : informe 2014.
260 _aMéxico :
_bIBBY,
_c2015.
300 _a41 p. :
_bil. col.
650 4 _aIntereses en la lectura
_zMéxico
_922679
905 _aLibro
999 _c189601
_d189601